• 首页
  • 本馆介绍
  • 公告通知
  • 最新文献
  • 馆藏检索
  • 电子资源
  • 读者导购
  • 参考咨询
  • 我的图书馆
  • 登录
  • 详细信息显示
  • 放入我的书架
  • 预约/预借图书
  • 作者相关作品
  • 分类相关作品
  • 丛书相关作品
  • 出版社相关作品

书目信息

  • 表格格式
  • 工作单格式
  • 卡片格式
题名:
北京九所名校金牌解题·高二数学
    
 
作者: 向佐初 主编 ;李建华 主编
分册: 第二册上   高中代数
出版信息: 北京   团结出版社  2000
页数: 107页
开本: 26cm
丛书名:
单 册:
中图分类: G634.623
科图分类:
主题词: 代数课--高中--教学参考资料
电子资源:
ISBN: 7-80130-401-2
000 01232nam0 2200253 450
001 1555589397
005 20150118152827.75
010    @a7-80130-401-2@dCNY8.00
100    @a20010301e20012000ekmy0chiy0120 ea
101 0  @achi
102    @aCN@b110000
105    @aa z 000yy
200 1  @a北京九所名校金牌解题·高二数学@Abei jing jiu suo ming xiao jin pai jie ti·gao er shu xue@9san· san· er jiu sheng yi shi xin jiao cai tong bu jie xi yu ce shi@h第二册上@i高中代数@e试验修订课本@e下册·供二年级全学年使用@f向佐初主编@g李建华主编
210    @a北京@c团结出版社@c知识出版社@d2000@h2001.1第2次印刷
215    @a107页@c图@d26cm
330    @a本书以最新教材《高中代数》(下册)为依据,通过对不等式、数列、极限、数学归纳法、复数、排列、组合、二项式定理的分析概述,典型范例示析,举易犯错误,教会学生解题思路和技巧,掌握重点,克服难点,澄清疑点,对学习方法和思考方法进行指导,让学生在较高层次上掌握知识,培养学生分析问题和解决问题的能力。
333    @a读者对象:高中学生。
517 1  @a高中代数@9gao zhong dai shu
606 0  @a代数课@x高中@x教学参考资料
690    @aG634.623@v5
701  0 @a向佐初@9xiang zuo chu@4主编
702  0 @a李建华@9li jian hua@4主编
801  0 @aCN@bTSSF@c20150118
905    @aZUCC@dG634.623@eJY23:2:1
    
    北京九所名校金牌解题·高二数学.第二册上.高中代数:试验修订课本:下册·供二年级全学年使用/向佐初主编/李建华主编.-北京:团结出版社:知识出版社,2000(2001.1第2次印刷)
    107页:图;26cm
    使用对象:读者对象:高中学生。
    
    ISBN 7-80130-401-2:CNY8.00
    本书以最新教材《高中代数》(下册)为依据,通过对不等式、数列、极限、数学归纳法、复数、排列、组合、二项式定理的分析概述,典型范例示析,举易犯错误,教会学生解题思路和技巧,掌握重点,克服难点,澄清疑点,对学习方法和思考方法进行指导,让学生在较高层次上掌握知识,培养学生分析问题和解决问题的能力。
●
相关链接 在E读中查询图书 在五车中查询图书 在当当中查询图书 在豆瓣中查询图书


正题名:北京九所名校金牌解题·高二数学     索取号:G634.623/JY23:2:1         预约/预借

序号 登录号 条形码 馆藏地/架位号 状态 备注
1 7848040   278480403   学院路分馆/ [索取号:G634.623/JY23:2:1] 在馆    
唐山师范学院图书馆 欢迎您!
大连网信软件有限公司© 版权所有